[Event "40th World Junior Girls"]
[Site "Gandhinagar IND"]
[Date "2024.06.03"]
[Round "2.1"]
[White "Divya, Deshmukh"]
[Black "Sherali Pattnaik"]
[Result "1-0"]
[WhiteTitle "IM"]
[WhiteElo "2456"]
[BlackElo "1955"]
[WhiteFideId "35006916"]
[BlackFideId "25789449"]
[EventDate "2024.06.02"]

1. d4 d5 2. c4 e6 3. Nc3 Nf6 4. cxd5 exd5 5. Bg5 Be7 6. e3 O-O 7. Bd3 c6 8. Nf3
Nbd7 9. Qc2 Re8 10. O-O g6 11. h3 Ne4 12. Bf4 Nxc3 13. Qxc3 Nf6 14. Ne5 Ne4 15.
Bxe4 dxe4 16. f3 f6 17. Qc4+ Qd5 18. fxe4 Qxc4 19. Nxc4 Be6 20. Na5 Bc8 21. Nc4
Be6 22. Nd2 Bb4 23. Nf3 Bc4 24. Rfc1 Be2 25. Kf2 Bd3 26. e5 f5 27. h4 h5 28. Bg5
Be4 29. a3 Bf8 30. Ng1 Rac8 31. Ne2 c5 32. Nc3 Bd3 33. Nd5 Kg7 34. Nf4 Be4 35.
Bf6+ Kf7 36. d5 Bg7 37. Bxg7 Kxg7 38. e6 Red8 39. e7 Rd7 40. Ne6+ Kf7 41. Nxc5
Rxd5 42. Nxe4 Rxc1 43. Ng5+ Kxe7 44. Rxc1 Rd2+ 45. Kg3 Rxb2 46. Rc3 Kf6 47. Nf3
Ke6 48. Ne1 Rb1 49. Nd3 Kf6 50. Kf3 Rf1+ 51. Ke2 Rh1 52. Rc4 g5 53. hxg5+ Kxg5
54. Ra4 a6 55. Nc5 Rb1 56. Rb4 Ra1 57. a4 a5 58. Rxb7 Kh4 59. Kf2 Ra2+ 60. Kf3
Ra1 61. Rb5 Rf1+ 62. Ke2 Ra1 63. Nb3 Rxa4 64. Kf3 f4 65. exf4 Rxf4+ 66. Kxf4 a4
67. g3+ Kh3 68. Rxh5+ Kg2 69. Ra5 axb3 70. Rb5 b2 71. Rxb2+ Kh3 72. g4 Kh4 73.
Rh2# 1-0

[Event "40th World Junior Girls"]
[Site "Gandhinagar IND"]
[Date "2024.06.03"]
[Round "2.2"]
[White "Shubhi Gupta"]
[Black "Mkrtchyan, Mariam"]
[Result "0-1"]
[WhiteTitle "WFM"]
[BlackTitle "WIM"]
[WhiteElo "1943"]
[BlackElo "2300"]
[WhiteFideId "25195425"]
[BlackFideId "13310828"]
[EventDate "2024.06.02"]

1. d4 d5 2. c4 e6 3. Nc3 Bb4 4. Nf3 Nf6 5. e3 O-O 6. Bd2 b6 7. cxd5 exd5 8. Bd3
Bb7 9. Ne5 c5 10. O-O Nc6 11. a3 Bxc3 12. Bxc3 Nxe5 13. dxe5 Ne4 14. Bxe4 dxe4
15. Qg4 h6 16. h4 Qe7 17. Rfd1 Qe6 18. Qg3 Rad8 19. h5 Ba6 20. Qh4 Bd3 21. g4
Rd7 22. Kh2 g5 23. Qg3 Be2 24. Rd6 Rxd6 25. exd6 f6 26. b4 c4 27. Ra2 Bxg4 28.
Rd2 Rd8 29. Bxf6 Rd7 30. Qe5 Kf7 31. Qxe6+ Kxe6 32. Be7 b5 33. Rd4 Ke5 34. a4 c3
35. axb5 Be2 36. Bf6+ Kxf6 37. Rd5 c2 38. Rc5 Bd3 39. Rc6 0-1

[Event "40th World Junior Girls"]
[Site "Gandhinagar IND"]
[Date "2024.06.03"]
[Round "2.3"]
[White "Krasteva, Beloslava"]
[Black "Bhagyashree, Patil"]
[Result "1/2-1/2"]
[WhiteTitle "FM"]
[BlackTitle "WFM"]
[WhiteElo "2289"]
[BlackElo "1929"]
[WhiteFideId "2922029"]
[BlackFideId "25053256"]
[EventDate "2024.06.02"]

1. d4 d5 2. c4 c6 3. Nc3 dxc4 4. a4 e5 5. e3 exd4 6. exd4 Be6 7. Nf3 Be7 8. Ne5
Nf6 9. Nxc4 O-O 10. Ne3 a5 11. Bd3 Na6 12. O-O Nb4 13. Bb1 Qd7 14. f4 Ng4 15. f5
Nxe3 16. Bxe3 Bc4 17. Rf3 Bd5 18. Rh3 g6 19. Qf1 Bd6 20. Qf2 Qe7 21. f6 Qe6 22.
Qh4 h5 23. Qf2 Rfe8 24. Bd2 Bc7 25. Ra3 Rad8 26. Rh4 Rd6 27. Ne4 Bxe4 28. Rxe4
Qd7 29. Rxe8+ Qxe8 30. Rf3 Rd7 31. Bf5 Nd5 32. Bxd7 Qxd7 33. Qh4 Qd6 34. g3 Bd8
35. Bg5 Qe6 36. Rf1 Bb6 37. Bd2 Qe2 38. Rf2 Qd3 39. Bc3 Ne3 40. h3 Qd1+ 41. Kh2
Nf1+ 42. Kg2 Ne3+ 43. Kh2 Nf1+ 44. Kg2 Ne3+ 1/2-1/2

[Event "40th World Junior Girls"]
[Site "Gandhinagar IND"]
[Date "2024.06.03"]
[Round "2.4"]
[White "Khairmode Dhanashree"]
[Black "Kurmangaliyeva, Liya"]
[Result "0-1"]
[BlackTitle "FM"]
[WhiteElo "1929"]
[BlackElo "2282"]
[WhiteFideId "25762184"]
[BlackFideId "13725831"]
[EventDate "2024.06.02"]

1. e4 c5 2. Nf3 Nc6 3. d4 cxd4 4. Nxd4 Nf6 5. Nc3 d6 6. Bg5 e6 7. Qd2 a6 8. Nxc6
bxc6 9. O-O-O Be7 10. f3 Bb7 11. Bc4 d5 12. Bb3 O-O 13. h4 a5 14. Qf2 Qc7 15.
Na4 h6 16. Bxf6 Bxf6 17. c3 dxe4 18. fxe4 c5 19. Qxc5 Qf4+ 20. Kb1 Bxe4+ 21. Ka1
Bxg2 22. Rhg1 Rfd8 23. Rxd8+ Rxd8 24. Qxa5 Bf1 25. a3 Rb8 26. Bc2 Qf2 27. Rh1
Rd8 28. Qb4 Bg2 29. Rc1 Bxh4 30. Bb1 Bg5 31. Rc2 Qf1 32. Ka2 Bh3 33. Rh2 g6 34.
b3 Rd1 35. Qb8+ Kh7 36. Rb2 Bf5 0-1

[Event "40th World Junior Girls"]
[Site "Gandhinagar IND"]
[Date "2024.06.03"]
[Round "2.5"]
[White "Wikar, Martyna"]
[Black "Ishvi, Aggarwal"]
[Result "1-0"]
[WhiteTitle "WIM"]
[BlackTitle "WCM"]
[WhiteElo "2272"]
[BlackElo "1928"]
[WhiteFideId "21807663"]
[BlackFideId "25728890"]
[EventDate "2024.06.02"]

1. e4 e5 2. Nf3 Nc6 3. Bb5 a6 4. Ba4 Nf6 5. Nc3 b5 6. Bb3 Bc5 7. d3 d6 8. Nd5 h6
9. c3 Nxd5 10. Bxd5 Bd7 11. O-O O-O 12. d4 exd4 13. cxd4 Bb6 14. Re1 Rb8 15. h3
Ne7 16. Bb3 Ng6 17. Be3 c5 18. Bc2 Rc8 19. Rc1 f5 20. dxc5 Bxc5 21. exf5 Bxf5
22. Qd5+ Kh8 23. Bxf5 Ne7 24. Qb7 Nxf5 25. Bxc5 Rxc5 26. Rxc5 dxc5 27. Qxa6 Nh4
28. Nxh4 Qxh4 29. Re2 Qc4 30. Qe6 Qxe6 31. Rxe6 Rd8 32. Re2 Rd1+ 33. Kh2 c4 34.
a3 Rd3 35. Rc2 Rb3 36. f3 c3 37. bxc3 Rxa3 38. Kg3 Rb3 39. Kf2 b4 40. c4 Rb1 41.
Ke2 b3 42. Rd2 Kg8 43. Kd3 Kf7 44. Kc3 Ke6 45. Rb2 Rg1 46. Kxb3 Kd6 47. Kb4 Kc6
48. Ra2 Rb1+ 49. Kc3 Rc1+ 50. Kd3 Rd1+ 51. Rd2 Rc1 52. Rc2 Rd1+ 53. Ke4 Kc5 54.
Kf5 Rd6 55. h4 Rf6+ 56. Ke5 h5 57. Ke4 g6 58. Rc1 Rd6 59. Kf4 Rd2 60. g4 hxg4
61. fxg4 Rh2 62. Kg5 Rg2 63. h5 gxh5 64. Kxh5 1-0

[Event "40th World Junior Girls"]
[Site "Gandhinagar IND"]
[Date "2024.06.03"]
[Round "2.6"]
[White "Dakshita Kumawat"]
[Black "Rakshitta, Ravi"]
[Result "1-0"]
[BlackTitle "WGM"]
[WhiteElo "1928"]
[BlackElo "2271"]
[WhiteFideId "25944304"]
[BlackFideId "25073230"]
[EventDate "2024.06.02"]

1. e4 e5 2. Nf3 Nc6 3. Bc4 Nf6 4. Ng5 d5 5. exd5 Na5 6. Bb5+ c6 7. dxc6 bxc6 8.
Bd3 Bd6 9. Nc3 O-O 10. O-O Nb7 11. Nge4 Nxe4 12. Bxe4 Qc7 13. Qf3 Bd7 14. g4 Nc5
15. d3 Nxe4 16. dxe4 Qc8 17. Qd3 Be7 18. f3 Rb8 19. b3 h5 20. h3 Rd8 21. Qe2
Bc5+ 22. Kh1 Bd4 23. Bd2 c5 24. Nd5 Bb5 25. c4 Rxd5 26. exd5 Bd7 27. Rac1 f5 28.
Be3 Qc7 29. gxh5 Re8 30. Rg1 e4 31. f4 Bf6 32. Qf2 Kf7 33. Rcd1 Rh8 34. Qg2 Kf8
35. b4 Rxh5 36. Bxc5+ Kg8 37. Bd4 Bxd4 38. Rxd4 g5 39. d6 Qb6 40. c5 Qa6 41. Qf1
Qa3 42. Rxg5+ Rxg5 43. fxg5 Qg3 44. b5 Qe5 45. Qc4+ Kg7 46. c6 e3 47. Qd5 Qg3
48. Qg2 Qe1+ 49. Kh2 Qc3 50. cxd7 Qxd4 51. d8=Q Qe5+ 52. Kg1 Qa1+ 53. Qf1 1-0

[Event "40th World Junior Girls"]
[Site "Gandhinagar IND"]
[Date "2024.06.03"]
[Round "2.7"]
[White "Balabayeva, Xeniya"]
[Black "Arshiya Das"]
[Result "1-0"]
[WhiteTitle "WIM"]
[BlackTitle "WCM"]
[WhiteElo "2246"]
[BlackElo "1919"]
[WhiteFideId "13719688"]
[BlackFideId "25652150"]
[EventDate "2024.06.02"]

1. d4 d5 2. Bf4 Nf6 3. e3 c5 4. c3 Nc6 5. Nf3 Qb6 6. b3 e6 7. h3 Be7 8. Bd3 h6
9. Nbd2 Nd7 10. O-O Bf6 11. e4 cxd4 12. exd5 exd5 13. Re1+ Kd8 14. cxd4 Nxd4 15.
Rc1 Ne6 16. Bg3 Nec5 17. Bc4 Qc6 18. b4 Ne6 19. b5 Qc5 20. Nb3 Qe7 21. Bxd5 Ke8
22. Bxe6 fxe6 23. Bd6 Qf7 24. Nbd4 Nb6 25. Rc7 Qg8 26. Nxe6 Bxe6 27. Qb3 Kd8 28.
Rxe6 Nd7 29. Qd5 Nb6 30. Be7+ Kxc7 31. Rc6+ bxc6 32. Qxc6+ Kb8 33. Bd6# 1-0

[Event "40th World Junior Girls"]
[Site "Gandhinagar IND"]
[Date "2024.06.03"]
[Round "2.8"]
[White "Singgih, Diajeng Theresa"]
[Black "Hryzlova, Sofiia"]
[Result "0-1"]
[WhiteTitle "WIM"]
[BlackTitle "WIM"]
[WhiteElo "1918"]
[BlackElo "2246"]
[WhiteFideId "7104391"]
[BlackFideId "14174669"]
[EventDate "2024.06.02"]

1. e4 e6 2. d4 d5 3. e5 c5 4. c3 Nc6 5. Nf3 Bd7 6. a3 Nge7 7. Bd3 Ng6 8. b4 cxd4
9. cxd4 b5 10. h4 Qb6 11. h5 Nge7 12. Kf1 Rc8 13. Be3 Nf5 14. Bxf5 exf5 15. Nc3
Be6 16. Qd3 a6 17. g3 Be7 18. Nd2 Qb7 19. Kg1 O-O 20. Nb3 Qa8 21. Kh2 Rc7 22.
Rhb1 Qc8 23. Rc1 Qe8 24. h6 g5 25. Qd2 f6 26. exf6 Bxf6 27. Nc5 f4 28. Bxf4 Nxd4
29. Kg2 gxf4 30. Qxf4 Rcf7 31. Re1 Qc8 32. Nxe6 Nxe6 33. Qe3 Bxc3 34. Rac1 Rxf2+
35. Kg1 d4 36. Qe4 R2f6 37. Qe5 Qb8 0-1

[Event "40th World Junior Girls"]
[Site "Gandhinagar IND"]
[Date "2024.06.03"]
[Round "2.9"]
[White "Marium, Fatima"]
[Black "Norman, Kseniya"]
[Result "0-1"]
[WhiteElo "1905"]
[BlackElo "2134"]
[WhiteFideId "45073058"]
[BlackFideId "13518780"]
[EventDate "2024.06.02"]

1. d4 Nf6 2. c4 g6 3. g3 Bg7 4. Bg2 O-O 5. Nc3 d6 6. Nf3 Nc6 7. O-O e5 8. d5 Ne7
9. Qc2 Ne8 10. e4 h6 11. Ne1 f5 12. Nd3 Nf6 13. Be3 g5 14. f3 f4 15. Bf2 Ng6 16.
c5 g4 17. cxd6 cxd6 18. gxf4 exf4 19. Bd4 Rf7 20. Ne2 gxf3 21. Bxf3 Ng4 22. Bxg4
Bxg4 23. Bxg7 Rxg7 24. Kh1 Rc8 25. Qd2 Qe7 26. Nexf4 Qxe4+ 27. Qg2 Qxg2+ 28.
Kxg2 Nxf4+ 29. Nxf4 Be2+ 30. Kf2 Bxf1 31. Rxf1 Rf8 32. Ke3 Re7+ 33. Kd4 Kh7 34.
Rf2 h5 35. b3 Kh6 36. h3 Re5 37. Rf3 Rff5 38. h4 Rxd5+ 39. Ke3 Rde5+ 40. Kf2 d5
41. Kg3 d4 42. Kf2 Re4 43. Ng2 Rxf3+ 44. Kxf3 Rg4 45. a4 d3 46. Ne3 Rxh4 0-1

[Event "40th World Junior Girls"]
[Site "Gandhinagar IND"]
[Date "2024.06.03"]
[Round "2.11"]
[White "Abdinova, Narmin"]
[Black "Kanishka S"]
[Result "1-0"]
[WhiteElo "2121"]
[BlackElo "1882"]
[WhiteFideId "13425340"]
[BlackFideId "25731564"]
[EventDate "2024.06.02"]

1. d4 Nf6 2. c4 c5 3. d5 e6 4. Nc3 exd5 5. cxd5 d6 6. Nf3 g6 7. g3 Bg7 8. Bg2
O-O 9. O-O Re8 10. Nd2 Nbd7 11. h3 a6 12. a4 b6 13. Nc4 Ne5 14. Na3 Nh5 15. e4
Rb8 16. Kh2 b5 17. axb5 axb5 18. Naxb5 c4 19. Be3 Nd3 20. Ba7 Rb7 21. Qa4 Nxb2
22. Qa2 Bxc3 23. Nxc3 Qc7 24. Rfb1 Nd3 25. Rxb7 Bxb7 26. Nb5 Qd7 27. Qxc4 Ne5
28. Qb4 Nd3 29. Qb3 Nc5 30. Bxc5 dxc5 31. Nc3 Rb8 32. Ra7 Qc8 33. d6 c4 34. Qa4
Qc5 35. Rxb7 Rxb7 36. Qa8+ Kg7 37. Qxb7 Qxf2 38. Ne2 Qxe2 39. d7 Qe3 40. Qc7
Nxg3 41. Qe5+ Kh6 42. d8=Q 1-0

[Event "40th World Junior Girls"]
[Site "Gandhinagar IND"]
[Date "2024.06.03"]
[Round "2.12"]
[White "Akshaya Sathi"]
[Black "Grozdanovic, Anastasia"]
[Result "1/2-1/2"]
[BlackTitle "WFM"]
[WhiteElo "1833"]
[BlackElo "2108"]
[WhiteFideId "25130340"]
[BlackFideId "979996"]
[EventDate "2024.06.02"]

1. e4 c5 2. Nf3 e6 3. d4 cxd4 4. Nxd4 Nf6 5. Nc3 Nc6 6. Nxc6 bxc6 7. e5 Nd5 8.
Ne4 Qc7 9. f4 Qb6 10. a3 f5 11. exf6 Nxf6 12. Nxf6+ gxf6 13. Bd3 Be7 14. Qh5+
Kd8 15. Bd2 d5 16. O-O-O Rb8 17. Bc3 Bd7 18. Bc4 Rf8 19. Rhe1 a5 20. Ba2 Bc5 21.
Qf3 Kc7 22. g4 Bc8 23. Qd3 Rf7 24. Qd2 Ra8 25. h4 Bd6 26. f5 Rg7 27. Bxf6 Rxg4
28. fxe6 Bf4 29. Be5+ Bxe5 30. Rxe5 Rb8 31. c3 Rxh4 32. Rde1 Ba6 33. e7 Re8 34.
Qg2 Kb7 35. Rf5 Bd3 36. Rf8 Bg6 37. Qg3 Re4 38. Rxe4 dxe4 39. Rxe8 Bxe8 40. Bb1
Qc5 41. Bxe4 Qxe7 42. Qe3 Qh4 43. Bxh7 Qh1+ 44. Kd2 Qh2+ 45. Qe2 Qh6+ 46. Qe3
Qh2+ 47. Qe2 Qh6+ 48. Qe3 Qh2+ 49. Kc1 Qh1+ 1/2-1/2

[Event "40th World Junior Girls"]
[Site "Gandhinagar IND"]
[Date "2024.06.03"]
[Round "2.13"]
[White "Barwinska, Ewa"]
[Black "Saparya Ghosh"]
[Result "0-1"]
[WhiteTitle "WFM"]
[WhiteElo "2106"]
[BlackElo "1833"]
[WhiteFideId "21833761"]
[BlackFideId "25771280"]
[EventDate "2024.06.02"]

1. e4 c5 2. Nc3 Nc6 3. Bb5 Nd4 4. Nf3 a6 5. Bd3 Nc6 6. Be2 e5 7. O-O d6 8. d3 h6
9. Nd2 Nf6 10. Nc4 b5 11. Ne3 Be6 12. Ncd5 Be7 13. f4 exf4 14. Nxf4 Bd7 15. c3
O-O 16. Ned5 Nxd5 17. Nxd5 Bg5 18. Bg4 Ra7 19. Bxd7 Rxd7 20. Bxg5 Qxg5 21. Rf5
Qd8 22. Qg4 Ne5 23. Qg3 Kh7 24. Raf1 Ng6 25. d4 Qe8 26. Qg4 Qe6 27. Re1 cxd4 28.
cxd4 Ne7 29. Nf4 Qc4 30. d5 Rdd8 31. Rh5 Ng6 32. Nh3 Qd4+ 33. Kh1 Kg8 34. b3
Rfe8 35. Rf5 Re7 36. Nf2 Re5 37. Rd1 Qe3 38. Rf3 Qe2 39. h4 h5 40. Qg3 Rxe4 41.
Nxe4 Qxd1+ 42. Kh2 Qxd5 43. Ng5 f6 44. Ne6 Qxe6 45. Qxg6 Qf7 46. Qf5 d5 47. Rd3
Qc7+ 48. Rg3 d4 49. Qd3 Qf4 50. Kh3 Rd5 51. Qg6 Qf5+ 52. Qxf5 Rxf5 53. Rd3 Rf4
54. g3 Re4 55. Kg2 Kf7 56. Rd2 Ke6 57. Kf3 Kd5 58. Rd1 g5 59. hxg5 fxg5 60. Rh1
h4 61. gxh4 Rxh4 62. Rg1 Rf4+ 63. Ke2 g4 64. Kd3 Rf3+ 65. Ke2 Re3+ 66. Kd2 g3
67. a4 Rxb3 68. axb5 axb5 69. Kc2 Rf3 70. Kd2 Ke4 71. Rb1 g2 72. Rg1 Rf2+ 0-1

[Event "40th World Junior Girls"]
[Site "Gandhinagar IND"]
[Date "2024.06.03"]
[Round "2.14"]
[White "Saniya Rafique Tadavi"]
[Black "Kaldarova, Ayaulym"]
[Result "1/2-1/2"]
[BlackTitle "WFM"]
[WhiteElo "1754"]
[BlackElo "2100"]
[WhiteFideId "25912461"]
[BlackFideId "13720503"]
[EventDate "2024.06.02"]

1. e4 e6 2. d4 d5 3. Nc3 Nf6 4. e5 Nfd7 5. f4 c5 6. Nf3 Nc6 7. Be3 Be7 8. Qd2
O-O 9. dxc5 Qa5 10. Be2 Bxc5 11. Nd4 a6 12. O-O Nxd4 13. Bxd4 Qb6 14. Bxc5 Qxc5+
15. Kh1 b5 16. a3 Bb7 17. b4 Qc7 18. Bd3 f6 19. exf6 Rxf6 20. Rae1 Raf8 21. Kg1
R8f7 22. Qe3 Nf8 23. Ne2 Qc6 24. Nd4 Qd6 25. g3 Qb6 26. Nf3 Qd6 27. Qd4 Rc7 28.
Re3 Bc8 29. Rfe1 Rff7 30. Ng5 Rfe7 31. Ne4 Qc6 32. Nc5 Qe8 33. f5 exf5 34. Qxd5+
Kh8 35. Rxe7 Rxe7 36. Rxe7 Qxe7 37. Qa8 Qe1+ 38. Kg2 Qd2+ 39. Kf3 Qd1+ 40. Ke3
f4+ 41. gxf4 Qc1+ 42. Kd4 Qxf4+ 43. Be4 Qd2+ 44. Bd3 Qf2+ 45. Kc3 Qf6+ 46. Kb3
Qd8 47. Kb2 Qd4+ 48. Kb3 Qd8 49. Be4 Qe8 50. Bb7 Qe3+ 51. Kb2 Qd4+ 52. Ka2 Qc4+
53. Kb1 Qf1+ 54. Kb2 Qf6+ 55. Ka2 Bf5 56. Be4 Bxe4 57. Qxe4 h5 58. Qe8 Qf5 59.
Kb2 Kg8 60. a4 Qf4 61. Kb3 Qc4+ 62. Ka3 Qxc2 63. axb5 Qc1+ 64. Kb3 Qb1+ 65. Kc3
Qc1+ 66. Kd4 Qb2+ 67. Kd5 Qg2+ 68. Ne4 Qa2+ 69. Kc5 axb5 70. Kxb5 Qxh2 71. Kc6
h4 72. b5 Qc2+ 73. Nc5 h3 74. Qe4 Qxe4+ 75. Nxe4 h2 76. Ng3 Ne6 77. b6 Kf7 78.
Kd6 Nd8 79. Kc7 Ne6+ 80. Kd6 Nd8 81. Kc7 Ke7 82. Nf5+ Ke8 83. Ng3 g6 84. Nh1 Ke7
85. Ng3 Ne6+ 86. Kc6 Nd4+ 87. Kd5 Nf5 88. Nh1 Nd6 89. Ke5 Nc4+ 90. Kf4 Nxb6 91.
Kg3 Kf6 92. Kxh2 Nd5 93. Kg3 Kf5 94. Nf2 Nf6 95. Kf3 g5 96. Kg3 g4 97. Nxg4 Nxg4 1/2-1/2

[Event "40th World Junior Girls"]
[Site "Gandhinagar IND"]
[Date "2024.06.03"]
[Round "2.15"]
[White "Jain Ashita"]
[Black "Tejaswini G"]
[Result "0-1"]
[BlackTitle "WIM"]
[WhiteElo "1744"]
[BlackElo "2059"]
[WhiteFideId "25181971"]
[BlackFideId "25749978"]
[EventDate "2024.06.02"]

1. d4 Nf6 2. c4 g6 3. Nc3 Bg7 4. e4 d6 5. Nf3 O-O 6. Be2 e5 7. O-O exd4 8. Nxd4
Re8 9. f3 c6 10. Nb3 a5 11. a4 Qb6+ 12. Kh1 Nfd7 13. Qc2 Na6 14. Bf4 Ne5 15. Na2
Be6 16. Bd2 Nc7 17. f4 Ng4 18. Bxg4 Bxg4 19. Bxa5 Rxa5 20. Nxa5 Qxa5 21. Rae1 c5
22. Nc3 Be6 23. Nb5 Nxb5 24. axb5 Qa2 25. Rc1 Qxb2 26. Qd3 Qd4 27. Qc2 Bc8 28.
Rfe1 Qf6 29. Qd2 Qe7 30. f5 Be5 31. Qf2 g5 32. Rcd1 f6 33. g4 Qf7 34. Qf1 Kg7
35. Qd3 b6 36. Rd2 h5 37. Rg2 hxg4 38. Rxg4 Qh5 39. Rg2 Bb7 40. Qe2 Qxe2 41.
Rgxe2 Bc3 42. Rd1 Rxe4 43. Rxe4 Bxe4+ 44. Kg1 Bd4+ 45. Kf1 Bxf5 46. Rd2 Be6 47.
Rc2 f5 48. Ke2 d5 49. cxd5 Bxd5 50. Rc1 f4 51. Rc2 f3+ 52. Kf1 Bb3 53. Rc1 Ba4
54. Rb1 Bc2 0-1

[Event "40th World Junior Girls"]
[Site "Gandhinagar IND"]
[Date "2024.06.03"]
[Round "2.16"]
[White "Yashvi Jain"]
[Black "Anishka, Vikram"]
[Result "1-0"]
[BlackTitle "WCM"]
[WhiteElo "1729"]
[BlackElo "2048"]
[WhiteFideId "25984446"]
[BlackFideId "45013314"]
[EventDate "2024.06.02"]

1. d4 d5 2. Nf3 Nf6 3. Bf4 c5 4. c3 Nc6 5. e3 e6 6. Nbd2 Bd6 7. Bg3 O-O 8. Bd3
b6 9. Ne5 Ne7 10. f4 Bb7 11. Qf3 Nf5 12. Bf2 Be7 13. Ng4 Nxg4 14. Qxg4 Nd6 15.
Qh3 Ne4 16. g4 f5 17. gxf5 exf5 18. Rg1 Qd6 19. Nf3 Bf6 20. Ne5 c4 21. Bxe4 fxe4
22. Bh4 Bxe5 23. dxe5 Qh6 24. Qg3 Kh8 25. Bg5 Qg6 26. Qf2 Qe6 27. Qg3 Qg6 28.
O-O-O b5 29. Qh3 Bc8 30. Qh4 Qb6 31. Qg3 Qb7 32. Qh4 Be6 33. Be7 Rf7 34. Bd6 a5
35. Rg2 b4 36. Rdg1 Qb6 37. Qe1 bxc3 38. Qxc3 Rg8 39. Rg3 Rb7 40. Rg5 Rf7 41.
Ba3 Qa7 42. h4 Bf5 43. h5 h6 44. R5g3 Kh7 45. Rg6 Re8 46. Rd6 Rd7 47. Rc6 Qa8
48. Rd6 Qa7 49. Rc6 Qa8 50. Rc5 a4 51. Qd4 Qd8 52. Bb4 Be6 53. Be1 Bf5 54. Bc3
Be6 55. f5 Bxf5 56. e6 Rxe6 57. Rxg7+ 1-0

[Event "40th World Junior Girls"]
[Site "Gandhinagar IND"]
[Date "2024.06.03"]
[Round "2.17"]
[White "Striskova, Lucia"]
[Black "Arya G Mallar"]
[Result "0-1"]
[WhiteElo "2023"]
[BlackElo "1725"]
[WhiteFideId "14960958"]
[BlackFideId "25115324"]
[EventDate "2024.06.02"]

1. e4 c6 2. d4 d5 3. Nc3 dxe4 4. Nxe4 Nf6 5. Nxf6+ exf6 6. c3 Bd6 7. Bd3 O-O 8.
Qc2 Re8+ 9. Ne2 h5 10. O-O h4 11. h3 Nd7 12. Bd2 Nf8 13. c4 Be6 14. Rad1 Rc8 15.
b4 b5 16. c5 Bb8 17. Bf4 Ng6 18. Bxg6 fxg6 19. Bxb8 Rxb8 20. Nf4 Bc4 21. Rfe1 g5
22. Rxe8+ Qxe8 23. Nd3 Qe4 24. Ne1 Qd5 25. Qd2 Re8 26. a3 Re2 27. Qc3 Qe4 28.
Nf3 Rxf2 29. Kxf2 Qe2+ 30. Kg1 Qxd1+ 31. Qe1 Qxe1+ 32. Nxe1 Kf7 33. Nc2 Ke6 34.
Ne3 f5 35. Kf2 Bd3 36. Ke1 Be4 37. Kf2 f4 38. Ng4 Kd5 39. Ne5 Kxd4 40. Nf7 Kc3
41. Nxg5 Bd5 42. Nh7 Kb3 43. Nf8 Kxa3 44. Ng6 Kxb4 45. Nxf4 Kxc5 0-1

[Event "40th World Junior Girls"]
[Site "Gandhinagar IND"]
[Date "2024.06.03"]
[Round "2.18"]
[White "Drishtee Ghosh"]
[Black "Shohradova, Lala"]
[Result "0-1"]
[BlackTitle "WFM"]
[WhiteElo "1700"]
[BlackElo "2000"]
[WhiteFideId "25164074"]
[BlackFideId "14004089"]
[EventDate "2024.06.02"]

1. e4 e6 2. d4 d5 3. Nc3 Bb4 4. e5 Ne7 5. a3 Bxc3+ 6. bxc3 b6 7. Qg4 Ng6 8. Bg5
Qd7 9. Bd3 Ba6 10. Qe2 Qa4 11. Nf3 Bxd3 12. Qxd3 Nd7 13. O-O c5 14. Nd2 Rc8 15.
Ra2 O-O 16. Be3 Qa5 17. Nb3 c4 18. Nxa5 cxd3 19. Nb7 Rxc3 20. cxd3 f6 21. exf6
Nxf6 22. Nd6 Rc6 23. Nb5 a6 24. a4 axb5 25. axb5 Rc3 26. Ra6 Rb8 27. Rfa1 Rxd3
28. Ra8 Rxa8 29. Rxa8+ Kf7 30. Ra7+ Ne7 31. Kf1 Rb3 32. Bf4 Rxb5 33. Bd6 Ng8 34.
Rb7 Rb2 35. Ba3 Rd2 36. Rxb6 Rxd4 37. Ke2 Ra4 38. Bb2 Nf6 39. f3 Ra2 40. Kd3 Nd7
41. Rb4 Nc5+ 42. Ke3 Nf5+ 43. Kd2 Na4 44. Rb7+ Kg6 45. Kc1 Rxb2 46. Rxb2 Nxb2
47. Kxb2 Ne3 48. g4 Kg5 49. Kc3 Kf4 50. Kd4 e5+ 51. Kd3 Kxf3 52. g5 e4+ 53. Kd4
Nf5+ 54. Ke5 g6 55. Kxd5 e3 56. h4 e2 57. h5 e1=Q 58. hxg6 hxg6 59. Kc4 Ke4 60.
Kc5 Qc3+ 61. Kb5 Kd5 62. Kb6 Qc6+ 63. Ka5 Qb7 64. Ka4 Kc4 65. Ka3 Qb3# 0-1

[Event "40th World Junior Girls"]
[Site "Gandhinagar IND"]
[Date "2024.06.03"]
[Round "2.19"]
[White "Asmita Avijit Ray"]
[Black "Rindhiya, V"]
[Result "0-1"]
[BlackTitle "WFM"]
[WhiteElo "1692"]
[BlackElo "1965"]
[WhiteFideId "25786911"]
[BlackFideId "25040529"]
[EventDate "2024.06.02"]

1. d4 Nf6 2. c4 e6 3. g3 Bb4+ 4. Nd2 O-O 5. Bg2 Bxd2+ 6. Bxd2 d6 7. e4 e5 8. Ne2
Qe7 9. d5 a5 10. O-O Bd7 11. Qc2 Rc8 12. f4 c6 13. fxe5 dxe5 14. Qd3 cxd5 15.
cxd5 Na6 16. Nc3 Nc5 17. Qe2 Ne8 18. Be3 Nd6 19. Qf2 Na6 20. a4 Nc4 21. d6 Qe6
22. Nd5 Rf8 23. Rfd1 Bc6 24. Ne7+ Kh8 25. Nxc6 bxc6 26. Rac1 Rac8 27. Bf1 Nxe3
28. Qxe3 Nb4 29. Rc5 Rfd8 30. Bc4 Qf6 31. Rxa5 Rxd6 32. Rf1 Qe7 33. Rxf7 Rd1+
34. Kg2 Qd8 35. Raa7 Nc2 36. Qf2 Rd2 37. Be2 Qg8 38. Rad7 Nd4 39. Rxd4 exd4 40.
Rd7 c5 41. e5 Qe6 42. Rf7 Rxe2 0-1

[Event "40th World Junior Girls"]
[Site "Gandhinagar IND"]
[Date "2024.06.03"]
[Round "2.20"]
[White "ANDHIN, tehjha Nidhi"]
[Black "Sneha Halder"]
[Result "0-1"]
[WhiteElo "1361"]
[BlackElo "1958"]
[WhiteFideId "9700510"]
[BlackFideId "25693263"]
[EventDate "2024.06.02"]

1. d4 c5 2. Bf4 Qb6 3. Nc3 cxd4 4. Na4 Qb4+ 5. c3 dxc3 6. Nxc3 Qxf4 7. Nd5 Qd6
8. Nf3 e6 9. Nc3 Qxd1+ 10. Rxd1 Bb4 11. Rc1 Nf6 12. a3 Bxc3+ 13. Rxc3 Nc6 14. e3
d5 15. Bb5 Bd7 16. a4 a6 17. Bd3 O-O 18. O-O Nb4 19. Bb1 Bxa4 20. Re1 Rfc8 21.
Ra3 Bc2 22. Rc1 Be4 23. Rxc8+ Rxc8 24. Ra1 Rc1+ 0-1

[Event "40th World Junior Girls"]
[Site "Gandhinagar IND"]
[Date "2024.06.03"]
[Round "2.21"]
[White "Agajanova, Meryem"]
[Black "Modipalli Deekshitha"]
[Result "1-0"]
[WhiteTitle "WCM"]
[WhiteElo "1955"]
[BlackElo "1678"]
[WhiteFideId "14005930"]
[BlackFideId "33389454"]
[EventDate "2024.06.02"]

1. d4 Nf6 2. c4 e6 3. g3 d5 4. Nf3 dxc4 5. Bg2 c6 6. a4 Nbd7 7. Qc2 Bd6 8. O-O
Rb8 9. Qxc4 O-O 10. Nc3 Nb6 11. Qb3 Nbd5 12. Re1 c5 13. e4 Nxc3 14. bxc3 Nd7 15.
Bg5 Be7 16. Bf4 Ra8 17. d5 exd5 18. exd5 Nb6 19. c4 Bd6 20. Bg5 f6 21. Bd2 Nd7
22. Bc3 Qc7 23. Re2 Rd8 24. Rae1 Nf8 25. Nd2 Bf5 26. Ne4 Ng6 27. Nxd6 Rxd6 28.
h4 Bg4 29. Re4 f5 30. Re6 Rad8 31. Qb1 f4 32. Rxd6 Rxd6 33. f3 Bd7 34. h5 Nf8
35. Be5 fxg3 36. Bxg3 Bc8 37. Qe4 Qd7 38. Bxd6 Qxd6 39. Qe5 Qa6 40. Bf1 Qxa4 41.
Qc7 Bf5 42. Qxc5 b6 43. Qd6 Qd7 44. Qf4 Qf7 45. c5 bxc5 46. Bc4 Qxh5 47. d6+ Kh8
48. Re5 g6 49. Re8 Kg7 50. Re7+ 1-0